| Registos Bibliográficos associados ao registo de autoridade |
|
Etiqueta de registo: 00000nam 2200025 450 001 2067125 003 http://id.bnportugal.gov.pt/bib/catbnp/2067125 010 ## $a2-7073-0601-0 100 ## $a20220825d1981 m y0pory01030103ba 101 0# $afre 102 ## $aFR 200 1# $a Le roi-machine$espectacle et politique au temps de Louis XIV 210 #9 $aParis$cLes Éditions de Minuit,$dcop. 1981 215 ## $a164, [4] p. 225 2# $a « Arguments» 317 ## $aDoação de Augusto M. Seabra$5PTBN: 675 ## $a32(44)"16"$vBN$zpor$3994421 675 ## $a32Luís XIV, Rei de França$vBN$zpor$31423698 675 ## $a316.74(44)"16"$vBN$zpor$31870747 675 ## $a792/793(44)"16"$vBN$zpor$31870748 700 #1 $aApostolidès,$bJean-Marie,$f1943-2023$3182044 801 #0 $aPT$bBN$gRPC 966 ## $lBN$mFGMON$pBiblioteca Augusto M. Seabra$sS.C. 161557 V.$x3 971 ## $corlando$d20220825 972 ## $e0$z0$d20220826$viquintas 973 ## $cigoulao$d20230126
Etiqueta de registo: 01193cam 2200361 450 001 928436 003 http://id.bnportugal.gov.pt/bib/catbnp/928436 005 19990612000000.0 010 ## $a972-9184-48-8 021 ## $aPT$b112130/97 095 ## $aPTBN00942734 100 ## $a19980102d1997 m y0pory0103 ba 101 1# $apor$ceng 102 ## $aPT 105 ## $ay z 001yy 106 ## $ar 200 1# $aManifesto do Unabomber$e o futuro da sociedade industrial$ftrad. Cândida Paz, Júlio Henriques$g[introd.] J.-M. Apostolidès 210 #9 $aLisboa$cFenda,$dcop. 1997 215 ## $a203, [2] p.$d22 cm 225 2# $aFósforo$v6 304 ## $aTít. orig. Industrial Society and its future the Unabomber manifesto 606 ## $2SIPOR$3797014 675 ## $a316.3/.7"19"$vBN$zpor$3843394 675 ## $a32Unabomber$vBN$zpor$3843395 675 ## $a330.3"19"$vBN$zpor$3606560 700 #0 $aUnabomber,$cpseud.$3270527 702 #1 $aApostolidès,$bJean-Marie,$f1943-2023$4080$3182044 702 #1 $aHenriques,$bJúlio$4730$3287523 702 #1 $aPaz,$bCândida$4730$3270536 801 #0 $aPT$bBN$gRPC 966 ## $c2$lBN$mFGMON$sS.C. 79966 V.$x1 966 ## $c2$lBN$mFGMON$sS.C. 79966 V.$x1
Etiqueta de registo: 00254nam 2200025 450 001 2284974 003 http://id.bnportugal.gov.pt/bib/catbnp/2284974 100 ## $a20260421d2010 m y0pory01030103ba 101 0# $afre 102 ## $aFR 105 ## $aa z 000yy 106 ## $ar 200 1# $aTintin au pays des philosophes$fPhilo Éditions 210 #9 $aParis$cPhilo Éditions$d2010 215 ## $a102 p.$cill. color$d28 225 2# $aPhilosophie.$iHors-série$v8$x2104-9246 304 ## $aEdição especial (capa dura) 304 ## $aCoordenação e direção de Sven Ortoli 304 ## $aColaboradores: Michel Serres, Elisabeth de Fontenay, Raphaël Enthoven, Gaëlle Jeanmart,
Léon Vandermeersch, Pierre Pachet, Jean-Marie Apostolidès, Serge Tisseron e Philippe
Descola 317 ## $aColeção Leandro de Moraes Sarmento$5PTBN: L.M.S. 408 330 ## $aExploração das aventuras de Tintim e da obra de Hergé através de conceitos de grandes
filósofos 517 1# $aPhilosophie Magazine. Hors-Sérire$eTintin au pays des philosophes 600 #1 $aHergé,$f1907-1983$xCrítica e interpretação$2SIPOR$31994685 606 ## $aTintin (Personagem de ficção)$xCrítica e interpretação$2SIPOR$31994699 675 ## $a741.5(493)Hergé(048)$vBN$zpor$31994686 702 #1 $aOrtoli,$bSven$4300$3276000 702 #1 $aSerres,$bMichel,$f1930-2019$4205$3110688 702 #1 $aFontenay,$bÉlisabeth de,$f1934-$4205$31996554 702 #1 $aEnthoven,$bRaphaël,$f1975$4205$31996555 702 #1 $aJeanmart,$bGaëlle$4205$31996556 702 #1 $aVandermeersch,$bLéon,$f1928-1921$4205$31172961 702 #1 $aPachet$bPierre,$f1937$4205$31996557 702 #1 $aApostolidès,$bJean-Marie,$f1943-2023$4205$3182044 702 #1 $aTisseron,$bSerge$f1948-$4205$3325059 702 #1 $aDescola,$bPhilippe,$f1949-$4205$31996558 710 02 $aPhilo Éditions$31996559 801 #0 $aPT$bBN$gRPC
966 ## $lBN$mFGMON$pBiblioteca particular Leandro de Moraes Sarmento$sL.M.S. 408 $x3
|
|
|